Statistics for Largest Municipalities in FINLAND by First Letter

Click here to take the quiz!

General Stats

  • This quiz has been taken 102 times
  • The average score is 13 of 20

Answer Stats

LetterPopulationMUNICIPALITY% Correct
H628,208Helsinki
100%
T225,118Tampere
97%
E269,802Espoo
96%
O198,525Oulu
93%
V214,605Vantaa
91%
J137,368Jyvaskyla
89%
L118,743Lahti
81%
P85,363Pori
81%
K112,117Kuopio
80%
R61,838Rovaniemi
79%
M54,665Mikkeli
60%
S61,530Seinajoki
53%
F17,422Forssa
51%
I27,835Imatra
45%
U15,510Uusikaupunki
42%
Y32,738Ylojarvi
42%
G500Geta
38%
N41,897Nurmijarvi
38%
B470Brando
37%
A19,646Aanekoski
9%

Score Distribution

Percentile by Number Answered

Percent of People with Each Score

Your Score History

You have not taken this quiz